Meistgestreamte neue Songs auf Spotify 2022 - Statistiken

Allgemein
  • Dieses Quiz wurde 66 mal gespielt
  • Das Durchschnittsergebnis liegt bei 3 aus 10
Antwortstatistiken
Rang Künstler Songtitel % Korrekt
1. Harry Styles As It was
95%
6. Sam Smithfeat. Kim Petras Unholy
70%
9. Taylor Swift Anti-Hero
42%
3. Jack Harlow First Class
34%
5. Lizzo About Damn Time
20%
8. Blackpink Pink Venom
14%
7. Charlie Puthfeat. Jungkook Left and Right
11%
4. Becky G/Karol G Mamiii
3%
2. Bad Bunny Me Porto Bonito
3%
10. Doja Cat Vegas
2%
Keine übereinstimmenden Quizze gefunden
Verteilung der Resultate
Anzahl Personen mit jedem Resultat
Perzentil nach korrekt beantworteten Fragen
Ihre Resultats-Entwicklung
Sie haben dieses Quiz noch nicht gespielt